| 000 | 01333nam a22002895a 4500 | ||
|---|---|---|---|
| 003 | OSt | ||
| 005 | 20170209135050.0 | ||
| 008 | 170209s2007 ua frb 000 0 ara d | ||
| 015 | _a2006 / 20773 | ||
| 020 | _a977045026X | ||
| 040 |
_aEG-ScBUE _bara _cEG-ScBUE |
||
| 043 |
_af-ua--- _an-us--- |
||
| 082 | 0 | 4 |
_a342.088 _bف و ز _222 |
| 100 | 1 | _aفوزي، هشام محمد. | |
| 245 | 1 | 0 |
_aرقابة دستورية القوانين بين أمريكا ومصر مع تحليل للأحكام الدستورية في البلدين / _cتأليف هشام محمد فوزي. |
| 260 |
_aالقاهرة : _bدار النهضة العربية، _c2006. |
||
| 300 |
_a888 ص. ؛ _c24 سم. |
||
| 504 | _aيشتمل على إرجاعات ببليوجرافية. | ||
| 650 | 7 |
_aالقانون الدستوري _zمصر. _2BUEsh _941131 |
|
| 650 | 7 |
_aالقانون الدستوري _zالولايات المتحدة الأمريكية. _2BUEsh |
|
| 650 | 7 |
_aالرقابة القضائية على دستورية القوانين _zمصر. _2BUEsh |
|
| 650 | 7 |
_aالرقابة القضائية على دستورية القوانين _zالولايات المتحدة الأمريكية. _2BUEsh |
|
| 650 | 7 |
_aالقانون الدستوري المقارن. _2BUEsh |
|
| 651 | _2BUEsh | ||
| 653 |
_bLLAAWW _cFebruary2017 |
||
| 942 | _2ddc | ||
| 999 |
_c24116 _d24088 |
||